000 01209nam a22002417a 4500
999 _c58174
_d58174
003 Ge_BSU
005 20210723140726.0
008 210723s2018 ge ||||| |||| 00| 0 geo d
020 _a9789941815652
041 _ageo
080 _a634.6(479.22)(075.8) ჯ-12
100 _aჯაბნიძე, რეზო
_92484
245 _aსუბტროპიკული კულტურები :
_b[სახელმძღვანელო] /
_cრეზო ჯაბნიძე, შოთა ლამპარაძე, ნანა ჯაბნიძე; რედ. გურამ ალექსიძე.
264 _aბათუმი:
_bშპს "World Print",
_c2018.
300 _a649 გვ.;
_bილ.
_c20 სმ.
504 _aბიბლიოგრ. გვ. 633-640
653 _aსუბტროპიკული კულტურები
653 _aსახელმძღვანელო
700 _aლამპარაძე, შოთა
_eავტორი
_91795
700 _aჯაბნიძე, ნანა
_eავტორი
_92532
700 _aალექსიძე, გურამ
_eრედაქტორი
_97983
942 _2udc
_cBK